An introduction to the theory of numbers (Record no. 86)

MARC details
000 -LEADER
fixed length control field 00431 a2200181 4500
001 - CONTROL NUMBER
control field 002479
003 - CONTROL NUMBER IDENTIFIER
control field OSt
005 - DATE AND TIME OF LATEST TRANSACTION
control field 20220128141421.0
008 - FIXED-LENGTH DATA ELEMENTS--GENERAL INFORMATION
fixed length control field
082 ## - DEWEY DECIMAL CLASSIFICATION NUMBER
Classification number 515.7
Item number N64I
100 1# - MAIN ENTRY--PERSONAL NAME
Personal name Niven, Ivan
245 1# - TITLE STATEMENT
Title An introduction to the theory of numbers
Statement of responsibility, etc by Ivan Niven
250 ## - EDITION STATEMENT
Edition statement 5th ed.
260 ## - PUBLICATION, DISTRIBUTION, ETC. (IMPRINT)
Place of publication, distribution, etc India
Name of publisher, distributor, etc Wiley
Date of publication, distribution, etc 2010
300 ## - PHYSICAL DESCRIPTION
Extent 529p.
700 ## - ADDED ENTRY--PERSONAL NAME
Personal name Zuckerman, H.S.
942 ## - ADDED ENTRY ELEMENTS (KOHA)
Source of classification or shelving scheme Dewey Decimal Classification
Koha item type Books
Holdings
Withdrawn status Lost status Damaged status Not for loan Collection code Home library Current library Date acquired Source of acquisition Cost, normal purchase price Full call number Barcode Date last seen Price effective from Koha item type
        General Text Book Central University Of Rajasthan Central University Of Rajasthan 28/09/2010 MTH 379.00 515.7 N64I 2471 21/11/2024 02/09/2020 Books
        General Text Book Central University Of Rajasthan Central University Of Rajasthan 28/09/2010 MTH 379.00 515.7 N64I 2489 21/11/2024 02/09/2020 Books
        General Text Book Central University Of Rajasthan Central University Of Rajasthan 28/09/2010 MTH 379.00 515.7 N64I 2488 21/11/2024 02/09/2020 Books